LIBRARY & INFORMATION CENTRE, KCAET, TAVANUR

ONLINE PUBLIC ACCESS CATALOGUE (OPAC)

Handbook of organic waste conversion / (Record no. 3861)

MARC details
000 -LEADER
fixed length control field 00459cam a2200169ua 4500
020 ## - INTERNATIONAL STANDARD BOOK NUMBER
ISBN 0-442-20679-8
041 ## - LANGUAGE CODE
Language code of text/sound track or separate title eng
082 ## - DEWEY DECIMAL CLASSIFICATION NUMBER
Classification number 028.71628
Item number BEW/HA
100 ## - MAIN ENTRY--AUTHOR NAME
Personal name Bewick, Michael W M .
245 ## - TITLE STATEMENT
Title Handbook of organic waste conversion /
260 ## - PUBLICATION, DISTRIBUTION, ETC. (IMPRINT)
Place of publication New York :
Name of publisher Van Nostrand Reinhold Company ,
Year of publication 1980.
300 ## - PHYSICAL DESCRIPTION
Number of Pages 419 ; .
700 1# - ADDED ENTRY--PERSONAL NAME
Personal name Biol, M I .
942 ## - ADDED ENTRY ELEMENTS (KOHA)
Koha item type Books
Holdings
Withdrawn status Lost status Damaged status Home library Current library Date acquired Full call number Accession Number Koha item type
      KAUAET KAUAET 19/08/1986 028.71628 15377 Reference
free website counter